| 000 | 00537nam a2200145Ia 4500 | ||
|---|---|---|---|
| 008 | 210716s1985 xx 000 0 und d | ||
| 020 | _a0520053885 | ||
| 041 | _aeng | ||
| 082 | _a306.0973 BELR | ||
| 100 | _aBellah, Robert N;Madsen, Richard;Sullivan, William M;Swidler;Ann;Tipton;Steven M. | ||
| 245 |
_aHabits of the heart: individualism and commitment in american life. _bIndividualism and commitment in american life. |
||
| 260 |
_aLondon _bUniversity of california press _c1985 |
||
| 300 | _avii,355 | ||
| 650 | _aGeneral Management | ||
| 999 |
_c198652 _d198652 |
||